| 000 | 01538nam a2200361Ia 4500 | ||
|---|---|---|---|
| 001 | ebr10315843 | ||
| 003 | CaPaEBR | ||
| 006 | m u | ||
| 007 | cr cn||||||||| | ||
| 008 | 000403s2000 mau sb 001 0 eng d | ||
| 010 | _z 00038277 | ||
| 020 | _z9780674004344 | ||
| 020 | _z0674004345 | ||
| 040 |
_aCaPaEBR _cCaPaEBR |
||
| 035 | _a(OCoLC)646813719 | ||
| 050 | 1 | 4 |
_aHN59 _b.P39 2000eb |
| 100 | 1 | _aPatterson, James T. | |
| 245 | 1 | 0 |
_aAmerica's struggle against poverty in the twentieth century _h[electronic resource] / _cJames T. Patterson. |
| 250 | _aNew ed. | ||
| 260 |
_aCambridge, MA : _bHarvard University Press, _c2000. |
||
| 300 | _axiv, 312 p. | ||
| 500 | _aRev. ed of: America's struggle against poverty, 1900-1994. c1994. | ||
| 504 | _aIncludes bibliographical references (p. 245-301) and index. | ||
| 533 |
_aElectronic reproduction. _bPalo Alto, Calif. : _cebrary, _d2009. _nAvailable via World Wide Web. _nAccess may be limited to ebrary affiliated libraries. |
||
| 650 | 0 |
_aPublic welfare _zUnited States _xHistory _y20th century. |
|
| 650 | 0 |
_aPoverty _xGovernment policy _zUnited States _xHistory _y20th century. |
|
| 651 | 0 |
_aUnited States _xSocial policy. |
|
| 651 | 0 |
_aUnited States _xEconomic conditions. |
|
| 655 | 7 |
_aElectronic books. _2local |
|
| 700 | 1 |
_aPatterson, James T. _tAmerica's struggle against poverty, 1900-1994. |
|
| 710 | 2 | _aebrary, Inc. | |
| 856 | 4 | 0 |
_uhttp://site.ebrary.com/lib/rucke/Doc?id=10315843 _zAn electronic book accessible through the World Wide Web; click to view |
| 999 |
_c167809 _d167809 |
||